01071nam a2200277Ia 4500003000400000005001700004008004100021020001500062040001800077041000800095082002200103100002500125245005700150250000600207260004600213300002300259650006000282650006500342650008400407700002700491700002900518700002300547942002600570999001900596952017800615OSt20220901095756.0210716s2004 xx 000 0 und d a9971511649 cAIMIT LIBRARY aeng a574.192 25bCONE aConn, Eric E.956261 aOutlines of biochemistry /cBy Eric E Conn...[et.al] a5 aSingapore :bJohn Wiley and Sons ,c1987. aix,693p. ;c23 cm. aStructures and functions of biological molecules956262 aEnergy metabolism and biosynthesis of small molecules956263 aGenes gene expression and the metabolism of informational macromolecules956264 aStumpf, Paul K.956265 aBruening, George.956266 aDoi, Roy H.956267 2ddccBKi574.192 CONE c187170d187170 00102ddc40708MCAaAIMITbAIMITeIntel Book Distributorsg344.25iBill no:2005/CRB/0001152; Bill dl0o574.192 CONEpMCA06678r2025-07-21 00:00:00v275.40w2021-07-16yBK